[Event "Junior Online 4NCL Division 5"]
[Site "online"]
[Date "2020.05.07"]
[Round "4.80"]
[White "Jackson, Will"]
[Black "Pearn, Alex"]
[Result "1-0"]
[WhiteElo "850"]
[BlackElo "593"]
[PlyCount "119"]
[EventDate "2020.05.07"]
[WhiteTeam "Blue Foxes 2"]
[BlackTeam "PSE Tigers"]

1. e4 e5 2. Bb5 Nf6 3. d3 Bb4+ 4. c3 Bc5 5. Bc4 Ng4 6. Qxg4 O-O 7. d4 exd4 8.
cxd4 Bxd4 9. Nf3 Bc5 10. e5 Nc6 11. Bd3 Re8 12. Qh4 h6 13. Qg4 Nxe5 14. Nxe5
Rxe5+ 15. Be2 d5 16. Qf4 Bd6 17. Be3 Re8 18. Qd4 c5 19. Qxd5 Qa5+ 20. Nd2 Rd8
21. Qxd6 Rxd6 22. Rc1 Bf5 23. Rxc5 Rad8 24. Rxa5 b6 25. Rxf5 g6 26. Re5 a5 27.
Bxh6 Rc8 28. f3 Rc1+ 29. Kf2 Rxh1 30. Ne4 Rd4 31. Ke3 Rd8 32. h3 a4 33. b3 axb3
34. axb3 Kh7 35. Bg5 Kg7 36. Bxd8 f6 37. Re6 f5 38. Re7+ Kf8 39. Nf6 Rb1 40. g3
Rxb3+ 41. Kf2 b5 42. Re3 Rb2 43. Nd7+ Kf7 44. Re5 b4 45. Re3 b3 46. Rd3 Ke8 47.
Nb8 Rb1 48. Bf1 b2 49. Rd2 Kf7 50. Bd3 Rh1 51. Rxb2 Rh2+ 52. Ke3 Rxb2 53. Bc4+
Ke8 54. Bc7 Rb4 55. Ba6 Rb3+ 56. Kf4 Ra3 57. g4 fxg4 58. fxg4 Ra4+ 59. Kg5 Rc4
60. Bxc4 1-0

[Event "Junior Online 4NCL Division 5"]
[Site "online"]
[Date "2020.05.07"]
[Round "4.81"]
[White "Howell, Lloyd"]
[Black "Gadhia, Sathya"]
[Result "0-1"]
[WhiteElo "426"]
[BlackElo "812"]
[PlyCount "124"]
[EventDate "2020.05.07"]
[WhiteTeam "PSE Tigers"]
[BlackTeam "Blue Foxes 2"]

1. e4 e5 2. Bc4 Nc6 3. Qf3 Nf6 4. Nc3 d5 5. Be2 dxe4 6. Qh3 Bxh3 7. gxh3 Nd4 8.
Bb5+ c6 9. Bc4 Bb4 10. d3 Nxc2+ 11. Kd1 Nxa1 12. Nge2 exd3 13. Nd4 Bxc3 14.
bxc3 O-O 15. Nf3 Rc8 16. Nxe5 Re8 17. h4 Rxe5 18. Re1 Rxe1+ 19. Kxe1 Qe8+ 20.
Kd1 Rd8 21. Ba3 Qe6 22. Bxe6 Re8 23. Bd6 Rxe6 24. Bf4 Re4 25. Be3 Rxh4 26. Kd2
Rxh2 27. Kxd3 Rh3 28. f3 Rxf3 29. a3 Nb3 30. Ke2 Rh3 31. c4 Ng4 32. Bg1 Rh1 33.
Kf1 b5 34. cxb5 cxb5 35. Kg2 Rh6 36. Kg3 Ne3 37. Bxe3 Ra6 38. Kf2 Rxa3 39. Ke2
Ra2+ 40. Kd3 a5 41. Kc3 a4 42. Kb4 Re2 43. Bf4 Re4+ 44. Kxb5 Rxf4 45. Ka6 a3
46. Kb5 a2 47. Ka6 a1=Q+ 48. Kb6 Rf6+ 49. Kb5 Nd2 50. Kc5 Qc1+ 51. Kd5 Rf5+ 52.
Kd4 h5 53. Ke3 h4 54. Ke2 h3 55. Ke3 h2 56. Ke2 h1=Q 57. Ke3 Re5+ 58. Kf4 Qc4+
59. Kg3 Qc3+ 60. Kf4 Re2 61. Kf5 Qh5+ 62. Kf4 Rf2# 0-1

[Event "Junior Online 4NCL Division 5"]
[Site "online"]
[Date "2020.05.07"]
[Round "4.85"]
[White "Durling, Charlie"]
[Black "Agarwal, Avi"]
[Result "1-0"]
[WhiteElo "1105"]
[BlackElo "737"]
[PlyCount "65"]
[EventDate "2020.05.07"]
[WhiteTeam "May the Fork Be With You 3"]
[BlackTeam "Uxbridge Juniors B2"]

1. d4 d5 2. c4 e6 3. Nc3 Nc6 4. Nf3 Nf6 5. Bg5 h6 6. Bh4 g5 7. Bg3 Bb4 8. cxd5
Nxd5 9. Rc1 Nxc3 10. bxc3 Ba5 11. e3 e5 12. Nxe5 Qd5 13. Bc4 Qd7 14. Nxd7 Bxd7
15. O-O O-O-O 16. Qa4 Bb6 17. Bb5 a6 18. Bxc6 Bxc6 19. Qb3 Rd5 20. Be5 Rhd8 21.
c4 R5d7 22. Bf6 Re8 23. c5 Ba7 24. Qb1 b6 25. cxb6 Bxb6 26. Rxc6 Rd6 27. Qxb6
Rxc6 28. Qxc6 Rd8 29. Bxd8 Kxd8 30. Rc1 a5 31. Qxc7+ Ke8 32. Qd6 a4 33. Rc8#
1-0

[Event "Junior Online 4NCL Division 5"]
[Site "online"]
[Date "2020.05.07"]
[Round "4.86"]
[White "Tang, Kei Hon"]
[Black "Sharma, Krish"]
[Result "0-1"]
[WhiteElo "775"]
[BlackElo "1037"]
[PlyCount "42"]
[EventDate "2020.05.07"]
[WhiteTeam "Uxbridge Juniors B2"]
[BlackTeam "May the Fork Be With You 3"]

1. Nf3 c6 2. e4 d5 3. Nc3 dxe4 4. Nxe4 Bf5 5. Ng3 Bg6 6. b4 h6 7. d4 e6 8. Nh4
Bh7 9. f4 Bxb4+ 10. c3 Bxc3+ 11. Bd2 Bxa1 12. Qxa1 Nf6 13. Ne2 Ne4 14. Bb4
Qxh4+ 15. g3 Qf6 16. Nc3 Qxd4 17. Nxe4 Qxa1+ 18. Ke2 Qxa2+ 19. Kd3 Qd5+ 20. Ke3
Qxe4+ 21. Kd2 Qxh1 0-1

[Event "Junior Online 4NCL Division 5"]
[Site "online"]
[Date "2020.05.07"]
[Round "4.87"]
[White "Tager, Maya"]
[Black "Watson, Lewis"]
[Result "1-0"]
[WhiteElo "1090"]
[BlackElo "737"]
[PlyCount "125"]
[EventDate "2020.05.07"]
[WhiteTeam "May the Fork Be With You 3"]
[BlackTeam "Uxbridge Juniors B2"]

1. e4 e5 2. Nf3 f6 3. Be2 Nc6 4. Nc3 Bb4 5. O-O Bxc3 6. dxc3 d6 7. h3 Nd4 8.
Nxd4 exd4 9. cxd4 Ne7 10. e5 dxe5 11. dxe5 Qxd1 12. Bxd1 fxe5 13. c3 Nd5 14. a3
g5 15. Bxg5 O-O 16. Bf3 Nb6 17. Be7 Rf7 18. Bh4 Nc4 19. Rab1 Nd2 20. Bh5 Nxb1
21. Bxf7+ Kxf7 22. Rxb1 Bf5 23. Re1 Bd3 24. Rxe5 Rd8 25. Rh5 Kg7 26. g3 Rh8 27.
Rd5 c6 28. Rd7+ Kg8 29. Rxd3 Kf8 30. Bf6 Rg8 31. Rd7 Ke8 32. Rg7 Kf8 33. Rxh7
Rg6 34. Bd4 Rd6 35. Rxb7 Ke8 36. Bc5 Rd7 37. Rxd7 Kxd7 38. Bxa7 Kc7 39. Be3 Kd6
40. h4 Ke7 41. Bg5+ Kf7 42. h5 Kg7 43. f4 c5 44. Bd8 c4 45. f5 Kh6 46. f6 Kxh5
47. f7 Kg6 48. f8=Q Kh7 49. Qf7+ Kh6 50. Qxc4 Kg6 51. Qc6+ Kf5 52. a4 Ke5 53.
a5 Kf5 54. a6 Kg4 55. a7 Kxg3 56. a8=Q Kf4 57. Qc4+ Ke5 58. Qa5+ Kd6 59. Qd4+
Kc6 60. Qdb6+ Kd7 61. Qaa7+ Ke8 62. Qbb8 Kf8 63. Ba5# 1-0

[Event "Junior Online 4NCL Division 5"]
[Site "online"]
[Date "2020.05.07"]
[Round "4.88"]
[White "Sander, Daniel"]
[Black "Patel, Rohan"]
[Result "0-1"]
[WhiteElo "737"]
[BlackElo "992"]
[PlyCount "83"]
[EventDate "2020.05.07"]
[WhiteTeam "Uxbridge Juniors B2"]
[BlackTeam "May the Fork Be With You 3"]

1. e4 e5 2. Nf3 Nc6 3. Nc3 Nf6 4. Bc4 Bc5 5. O-O O-O 6. d3 d6 7. h3 Bf5 8. exf5
Nd4 9. Bg5 Nxf3+ 10. Qxf3 h6 11. Bh4 d5 12. Bxd5 Nxd5 13. Nxd5 c6 14. Bxd8
Rfxd8 15. Nc7 Rac8 16. Ne6 fxe6 17. fxe6 Re8 18. Qf7+ Kh8 19. Rae1 Rf8 20. Qxb7
Rce8 21. Rxe5 Bd6 22. Re4 a5 23. e7 Bxe7 24. Rxe7 Rxe7 25. Qxe7 Rg8 26. Re1 c5
27. b3 a4 28. bxa4 c4 29. a5 c3 30. a6 g6 31. a7 g5 32. Re6 Ra8 33. Rxh6+ Kg8
34. Qe6+ Kg7 35. Qg6+ Kf8 36. Rh8+ Ke7 37. Rxa8 Kd7 38. Qe8+ Kc7 39. Qe7+ Kc6
40. Rc8+ Kb6 41. a8=Q g4 42. Qc5# 0-1

[Event "Junior Online 4NCL Division 5"]
[Site "online"]
[Date "2020.05.07"]
[Round "4.89"]
[White "Agarwal, Avi"]
[Black "Durling, Charlie"]
[Result "0-1"]
[WhiteElo "737"]
[BlackElo "1105"]
[PlyCount "68"]
[EventDate "2020.05.07"]
[WhiteTeam "Uxbridge Juniors B2"]
[BlackTeam "May the Fork Be With You 3"]

1. d4 d5 2. Nf3 Bf5 3. Bg5 h6 4. Bf4 Nc6 5. Nc3 e6 6. e3 Bb4 7. a3 Ba5 8. b4
Bb6 9. Bb5 Nge7 10. O-O O-O 11. Re1 a6 12. Bd3 Qd7 13. e4 dxe4 14. Nxe4 Nxd4
15. c3 Nxf3+ 16. gxf3 Ng6 17. Ng3 Nxf4 18. Bxf5 Qxd1 19. Rexd1 exf5 20. Nxf5
Nh3+ 21. Kg2 Nxf2 22. Rf1 Nd3 23. Rad1 Nf4+ 24. Kh1 Rad8 25. Rde1 Rfe8 26. Re4
Rxe4 27. fxe4 Nh3 28. Nd4 Bxd4 29. cxd4 Rxd4 30. Rf3 Ng5 31. Rf5 Rd2 32. Re5
Nf3 33. Re8+ Kh7 34. Rc8 Rxh2# 0-1

[Event "Junior Online 4NCL Division 5"]
[Site "online"]
[Date "2020.05.07"]
[Round "4.90"]
[White "Sharma, Krish"]
[Black "Tang, Kei Hon"]
[Result "1-0"]
[WhiteElo "1037"]
[BlackElo "775"]
[PlyCount "35"]
[EventDate "2020.05.07"]
[WhiteTeam "May the Fork Be With You 3"]
[BlackTeam "Uxbridge Juniors B2"]

1. d4 Nc6 2. Bf4 Nf6 3. e3 d5 4. Bd3 h6 5. c3 g5 6. Bg3 Ne4 7. f3 Nxg3 8. hxg3
a6 9. Nd2 b5 10. Ne2 Bg7 11. g4 e5 12. Ng3 exd4 13. cxd4 Nb4 14. Bc2 Nxc2+ 15.
Qxc2 c5 16. Qxc5 Rb8 17. Nh5 Kd7 18. Nxg7 1-0

[Event "Junior Online 4NCL Division 5"]
[Site "online"]
[Date "2020.05.07"]
[Round "4.91"]
[White "Watson, Lewis"]
[Black "Tager, Maya"]
[Result "0-1"]
[WhiteElo "737"]
[BlackElo "1090"]
[PlyCount "50"]
[EventDate "2020.05.07"]
[WhiteTeam "Uxbridge Juniors B2"]
[BlackTeam "May the Fork Be With You 3"]

1. e4 e5 2. Bc4 Be7 3. Qf3 f6 4. Qh5+ g6 5. Qg4 Nh6 6. Qf3 Nc6 7. Qd1 d6 8. Nf3
Bd7 9. O-O f5 10. Ng5 Bxg5 11. Nc3 Ng4 12. Nd5 Nd4 13. Ne3 Qe7 14. Nxg4 fxg4
15. d3 Bxc1 16. Rxc1 O-O-O 17. Bd5 c6 18. Bc4 Rhf8 19. Qd2 Qh4 20. Rce1 Rfe8
21. Bf7 Re7 22. Bc4 Nf3+ 23. gxf3 gxf3 24. Qa5 Qg5+ 25. Kh1 Qg2# 0-1

[Event "Junior Online 4NCL Division 5"]
[Site "online"]
[Date "2020.05.07"]
[Round "4.95"]
[White "Abraham, Lexi"]
[Black "Wan, Qiao"]
[Result "0-1"]
[WhiteElo "850"]
[BlackElo "1082"]
[PlyCount "20"]
[EventDate "2020.05.07"]
[WhiteTeam "Blue Foxes 3"]
[BlackTeam "Cambridge Chess & Go C"]

1. e4 e5 2. Nf3 Nc6 3. Bc4 Bc5 4. Ng5 Qxg5 5. d3 Qf6 6. O-O d6 7. Nc3 Qg6 8.
Nd5 Bh3 9. Nxc7+ Kd8 10. Nxa8 Qxg2# 0-1

[Event "Junior Online 4NCL Division 5"]
[Site "online"]
[Date "2020.05.07"]
[Round "4.96"]
[White "Syposz, Iza"]
[Black "Hilmi, Sofia"]
[Result "0-1"]
[WhiteElo "1007"]
[BlackElo "812"]
[PlyCount "120"]
[EventDate "2020.05.07"]
[WhiteTeam "Cambridge Chess & Go C"]
[BlackTeam "Blue Foxes 3"]

1. e4 e5 2. Nf3 Nc6 3. Bc4 Nf6 4. O-O Bc5 5. d4 d6 6. dxc5 O-O 7. cxd6 cxd6 8.
Bg5 Bg4 9. h3 Bxf3 10. Qxf3 Na5 11. b3 Nxc4 12. bxc4 h6 13. Bxf6 gxf6 14. Nd2
Kh8 15. Qd1 Qc7 16. Nf3 Rae8 17. c3 Rd8 18. a4 Qxc4 19. Nd2 Qxc3 20. Nb1 Qxa1
21. Nc3 Qxd1 22. Nxd1 Rc8 23. Ne3 Rg8 24. Nd5 Rc4 25. Nxf6 Rg6 26. Nd7 Rxe4 27.
a5 Ra4 28. Nf8 Rg8 29. Nd7 Rxa5 30. Nf6 Rc8 31. Ne4 d5 32. Nd6 Rc7 33. Ne8 Rd7
34. Nf6 Rd8 35. Ng4 e4 36. Nxh6 d4 37. Nxf7+ Kg8 38. Nxd8 d3 39. Nxb7 Rd5 40.
Re1 d2 41. Rd1 a6 42. f3 e3 43. Rf1 d1=Q 44. Rxd1 Rxd1+ 45. Kh2 e2 46. Kg3
e1=Q+ 47. Kf4 Rd4+ 48. Kf5 Qg3 49. Nc5 Qxg2 50. Nxa6 Qxf3+ 51. Ke5 Ra4 52. Nc5
Ra5 53. h4 Rxc5+ 54. Kd6 Rh5 55. Ke7 Re5+ 56. Kd6 Re1 57. h5 Qd3+ 58. Kc5 Rc1+
59. Kb6 Qb3+ 60. Ka5 Ra1# 0-1

[Event "Junior Online 4NCL Division 5"]
[Site "online"]
[Date "2020.05.07"]
[Round "4.99"]
[White "Wan, Qiao"]
[Black "Abraham, Lexi"]
[Result "0-1"]
[WhiteElo "1082"]
[BlackElo "850"]
[PlyCount "72"]
[EventDate "2020.05.07"]
[WhiteTeam "Cambridge Chess & Go C"]
[BlackTeam "Blue Foxes 3"]

1. e4 e5 2. Nf3 Nc6 3. Nc3 Nf6 4. Bc4 h6 5. O-O Bc5 6. d3 O-O 7. Qd2 d6 8. Nd5
Bb4 9. Nxf6+ Qxf6 10. c3 Bc5 11. b4 Bb6 12. a4 a5 13. b5 Ne7 14. d4 exd4 15.
cxd4 c5 16. Rd1 cxd4 17. Nxd4 Qg6 18. Nf3 Bh3 19. Bf1 Bg4 20. h3 Bxf3 21. Qd3
Bxd1 22. Qxd1 Qxe4 23. Bd3 Qd4 24. Ra3 Qxf2+ 25. Kh2 Be3 26. Bxe3 Qxe3 27. Qc2
Ng6 28. Qa2 Qe6 29. Bc4 Qf6 30. Rf3 Qe7 31. Bd3 Ne5 32. Re3 Rae8 33. Qc2 Ng4+
34. Kg1 Nxe3 35. Bh7+ Kh8 36. g4 Nxc2 0-1

[Event "Junior Online 4NCL Division 5"]
[Site "online"]
[Date "2020.05.07"]
[Round "4.100"]
[White "Hilmi, Sofia"]
[Black "Syposz, Iza"]
[Result "1-0"]
[WhiteElo "812"]
[BlackElo "1007"]
[PlyCount "61"]
[EventDate "2020.05.07"]
[WhiteTeam "Blue Foxes 3"]
[BlackTeam "Cambridge Chess & Go C"]

1. d4 e5 2. dxe5 Bb4+ 3. c3 Bc5 4. Nf3 Ne7 5. Bg5 O-O 6. Nbd2 d6 7. e3 dxe5 8.
Nxe5 h6 9. Bxe7 Qxe7 10. Nd3 Qh4 11. Nxc5 Bg4 12. Be2 Bxe2 13. Qxe2 Qd8 14. O-O
b6 15. Nce4 Nc6 16. Rfd1 Ne5 17. Nf3 Nxf3+ 18. Qxf3 Qe8 19. Rd3 Rd8 20. Rad1
Rxd3 21. Rxd3 b5 22. Nc5 Qe7 23. b4 Rd8 24. Rxd8+ Qxd8 25. h3 c6 26. Qxc6 Qd1+
27. Kh2 Qd2 28. Qe8+ Kh7 29. Qxf7 Qxc3 30. Ne6 Qxb4 31. Qxg7# 1-0

[Event "Junior Online 4NCL Division 5"]
[Site "online"]
[Date "2020.05.07"]
[Round "4.105"]
[White "Watson, Scarlet"]
[Black "Lewis, Iolo"]
[Result "1-0"]
[WhiteElo "1232"]
[BlackElo "694"]
[PlyCount "41"]
[EventDate "2020.05.07"]
[WhiteTeam "KJCA Young Kestrels F"]
[BlackTeam "PSE Panthers"]

1. d4 d5 2. c4 dxc4 3. e4 Nc6 4. Nf3 Bg4 5. Be3 Bxf3 6. Qxf3 Nxd4 7. Bxd4 Qxd4
8. Nd2 O-O-O 9. Bxc4 e6 10. O-O-O Bb4 11. Nb3 Qxd1+ 12. Rxd1 Rxd1+ 13. Qxd1 Nf6
14. a3 Rd8 15. Qf3 Be7 16. Na5 a6 17. e5 Ne8 18. Qxb7+ Kd7 19. Qc6+ Kc8 20.
Bxa6+ Kb8 21. Qb7# 1-0

[Event "Junior Online 4NCL Division 5"]
[Site "online"]
[Date "2020.05.07"]
[Round "4.106"]
[White "Evans, Finley"]
[Black "Heard, Ben"]
[Result "0-1"]
[WhiteElo "617"]
[BlackElo "1240"]
[PlyCount "42"]
[EventDate "2020.05.07"]
[WhiteTeam "PSE Panthers"]
[BlackTeam "KJCA Young Kestrels F"]

1. e4 e5 2. Nf3 Nc6 3. c3 Nf6 4. d3 Be7 5. d4 exd4 6. cxd4 Nxe4 7. d5 Nb4 8. a3
Na6 9. Bxa6 bxa6 10. Nc3 Nxc3 11. bxc3 Bf6 12. Bb2 O-O 13. Nd2 Re8+ 14. Kf1 d6
15. f3 Rb8 16. Ne4 Rxb2 17. Nxf6+ Qxf6 18. h4 Qxc3 19. Rc1 Qxa3 20. Rh3 Bxh3
21. gxh3 Re3 0-1

[Event "Junior Online 4NCL Division 5"]
[Site "online"]
[Date "2020.05.07"]
[Round "4.107"]
[White "Oprea, Lucas"]
[Black "Howell, Lewis"]
[Result "1-0"]
[WhiteElo "1262"]
[BlackElo "653"]
[PlyCount "137"]
[EventDate "2020.05.07"]
[WhiteTeam "KJCA Young Kestrels F"]
[BlackTeam "PSE Panthers"]

1. e4 e5 2. Nf3 Nc6 3. Nc3 Nf6 4. Bb5 d5 5. exd5 Nxd5 6. Nxd5 Qxd5 7. Bxc6+
Qxc6 8. Nxe5 Qe6 9. Qe2 Bd6 10. Nf3 Qxe2+ 11. Kxe2 Bg4 12. Re1 Bxf3+ 13. Kxf3+
Be7 14. Ke2 O-O-O 15. Kf1 Bf6 16. d3 Rhe8 17. Rxe8 Rxe8 18. Bf4 Be7 19. Re1 Bb4
20. Rxe8+ Kd7 21. Re4 Bd6 22. Bxd6 Kxd6 23. Rf4 f6 24. Ke2 Kc5 25. c3 Kb5 26.
Rg4 g6 27. Rh4 h5 28. Rh3 Ka4 29. b3+ Ka3 30. d4 Kxa2 31. b4 Kb3 32. c4+ Kxc4
33. Rg3 g5 34. Rf3 Kxd4 35. Rxf6 Kc3 36. Rf3+ Kxb4 37. Rg3 g4 38. Re3 Kc5 39.
Re5+ Kd4 40. Rxh5 a5 41. Rxa5 c5 42. Ra7 b5 43. Kd2 Kc4 44. Kc2 b4 45. Ra2 b3+
46. Kb2 bxa2 47. Kxa2 Kd5 48. h4 Ke6 49. Kb3 Kf6 50. Kc4 Kg6 51. Kxc5 Kh5 52.
Kd4 Kxh4 53. g3+ Kh3 54. f4 Kxg3 55. f5 Kf3 56. f6 g3 57. f7 Ke2 58. f8=Q g2
59. Qg8 Kf1 60. Qf7+ Ke2 61. Qg6 Kf2 62. Qf5+ Ke2 63. Qg4+ Kf1 64. Qf4+ Kg1 65.
Qe3+ Kh2 66. Qf2 Kh1 67. Qh4+ Kg1 68. Ke3 Kf1 69. Qf2# 1-0

[Event "Junior Online 4NCL Division 5"]
[Site "online"]
[Date "2020.05.07"]
[Round "4.108"]
[White "Yeadon, William"]
[Black "Allen, Grace"]
[Result "1/2-1/2"]
[WhiteElo "525"]
[BlackElo "1030"]
[PlyCount "43"]
[EventDate "2020.05.07"]
[WhiteTeam "PSE Panthers"]
[BlackTeam "KJCA Young Kestrels F"]

1. e4 d5 2. Nc3 Nf6 3. Bb5+ c6 4. Be2 Nxe4 5. d3 Nxc3 6. bxc3 d4 7. c4 b5 8.
cxb5 cxb5 9. Bf3 Nc6 10. Bxc6+ Bd7 11. Bxa8 Qxa8 12. Nf3 e6 13. Ne5 Bb4+ 14.
Bd2 Bxd2+ 15. Qxd2 O-O 16. Nxd7 Rd8 17. Nc5 Qxg2 18. Rf1 Qxh2 19. Nb7 Qe5+ 20.
Kd1 Rd7 21. Na5 Qh5+ 22. f3 1/2-1/2

[Event "Junior Online 4NCL Division 5"]
[Site "online"]
[Date "2020.05.07"]
[Round "4.109"]
[White "Lewis, Iolo"]
[Black "Watson, Scarlet"]
[Result "0-1"]
[WhiteElo "694"]
[BlackElo "1232"]
[PlyCount "50"]
[EventDate "2020.05.07"]
[WhiteTeam "PSE Panthers"]
[BlackTeam "KJCA Young Kestrels F"]

1. e4 d5 2. Nc3 Nf6 3. d4 dxe4 4. Bg5 Bf5 5. Bxf6 exf6 6. Bc4 g6 7. Nge2 Bg7 8.
O-O O-O 9. Nf4 Nc6 10. f3 Nxd4 11. fxe4 Bd7 12. Nd3 f5 13. exf5 Bxf5 14. g4 Bd7
15. Bxf7+ Rxf7 16. Rxf7 Kxf7 17. Qf1+ Kg8 18. Ne4 Bxg4 19. h3 Be6 20. Ndc5 Bd5
21. Nc3 Qg5+ 22. Kh2 Nf3+ 23. Kh1 Nd2+ 24. Kh2 Nxf1+ 25. Rxf1 Qg2# 0-1

[Event "Junior Online 4NCL Division 5"]
[Site "online"]
[Date "2020.05.07"]
[Round "4.111"]
[White "Howell, Lewis"]
[Black "Oprea, Lucas"]
[Result "1/2-1/2"]
[WhiteElo "653"]
[BlackElo "1262"]
[PlyCount "138"]
[EventDate "2020.05.07"]
[WhiteTeam "PSE Panthers"]
[BlackTeam "KJCA Young Kestrels F"]

1. e4 e5 2. Nf3 Nc6 3. Nc3 Nf6 4. d4 exd4 5. Nxd4 Nxd4 6. Qxd4 Bd6 7. Bg5 O-O
8. Bxf6 Qxf6 9. Qxf6 gxf6 10. O-O-O Bf4+ 11. Kb1 d6 12. g3 Bg4 13. Re1 Bf3 14.
Rg1 Bd2 15. Rd1 Bxd1 16. Nxd1 Bg5 17. f4 Bh6 18. Nf2 f5 19. exf5 f6 20. Ng4 Bg7
21. Bg2 Rf7 22. Bxb7 Re8 23. Bd5 Kf8 24. Bxf7 Kxf7 25. a3 h6 26. Ne3 Rxe3 27.
b4 Rxa3 28. Kb2 Rf3 29. Rb1 Ke7 30. Ka2 Rf2 31. Re1+ Kf7 32. Kb2 Rxh2 33. b5
Rd2 34. Kc3 Rd5 35. Ra1 Rxb5 36. Rxa7 Rxf5 37. Rxc7+ Kg6 38. Rd7 Rh5 39. Rxd6
Rh3 40. Rd3 Kh5 41. Kb2 f5+ 42. Kb1 Kg4 43. c4 Rh1+ 44. Kc2 Rh2+ 45. Kb1 Rh3
46. c5 Rxg3 47. Rxg3+ Kxg3 48. c6 h5 49. c7 h4 50. c8=Q h3 51. Qc3+ Kg4 52.
Qxg7+ Kf3 53. Qg5 h2 54. Qh5+ Kg2 55. Kc2 h1=Q 56. Qg5+ Kf1 57. Qg4 Qg2+ 58.
Qxg2+ Kxg2 59. Kd3 Kf3 60. Kd4 Kxf4 61. Kd3 Ke5 62. Ke3 f4+ 63. Kf3 Kf5 64. Kf2
Kg4 65. Kf1 f3 66. Kf2 Kf4 67. Kf1 Ke3 68. Ke1 f2+ 69. Kf1 Kf3 1/2-1/2

[Event "Junior Online 4NCL Division 5"]
[Site "online"]
[Date "2020.05.07"]
[Round "4.112"]
[White "Yeadon, William"]
[Black "Allen, Grace"]
[Result "0-1"]
[WhiteElo "525"]
[BlackElo "1030"]
[PlyCount "58"]
[EventDate "2020.05.07"]
[WhiteTeam "PSE Panthers"]
[BlackTeam "KJCA Young Kestrels F"]

1. e4 d5 2. Nc3 dxe4 3. Nxe4 Bf5 4. Nc5 b6 5. Nb7 Qd5 6. Bb5+ Qxb5 7. Qf3 Qe5+
8. Ne2 Be4 9. Qg4 Bxb7 10. O-O Nf6 11. g3 Nxg4 12. d3 Qxe2 13. Bf4 Qxc2 14. a4
Qxb2 15. h3 e5 16. Bg5 f6 17. Be3 Nxe3 18. fxe3 Bg2 19. Kh2 Bxf1+ 20. Kg1 Qxa1
21. d4 exd4 22. e4 d3 23. e5 fxe5 24. g4 d2 25. h4 d1=Q 26. g5 Bc4+ 27. Kf2 Qd3
28. h5 Qa2+ 29. Ke1 Qdb1# 0-1

[Event "Junior Online 4NCL Division 5"]
[Site "online"]
[Date "2020.05.14"]
[Round "5.11"]
[White "Madhavan, Sanjith"]
[Black "Triffitt, Bradley"]
[Result "1-0"]
[WhiteElo "1498"]
[BlackElo "1495"]
[PlyCount "69"]
[EventDate "2020.05.14"]
[WhiteTeam "East Kilbride Knights"]
[BlackTeam "Hull and Friends 2"]

1. e4 e5 2. Nf3 Nc6 3. Nc3 Bb4 4. a3 Ba5 5. b4 Bb6 6. Bc4 Nf6 7. d3 h6 8. Bb2
d6 9. O-O O-O 10. Nd5 Bg4 11. h3 Bh5 12. Nxb6 axb6 13. g4 Bg6 14. Nh4 Kh8 15.
f4 exf4 16. Rxf4 Ne5 17. Bb3 Bh7 18. Nf3 g5 19. Nxe5 dxe5 20. Rf3 Qe7 21. Qf1
Kg7 22. Qf2 Rad8 23. Rf1 Rd6 24. Qh2 Rd7 25. Bxe5 Qe8 26. Rxf6 c5 27. Re6+ f6
28. Rxe8 Rxe8 29. Bxf6+ Kg6 30. Bb2 cxb4 31. Rf6+ Kg7 32. Rd6+ Kf8 33. Rxd7 b5
34. Qf2+ Bf5 35. Qxf5# 1-0

[Event "Junior Online 4NCL Division 5"]
[Site "online"]
[Date "2020.05.14"]
[Round "5.12"]
[White "Kasprzyk, Milosz"]
[Black "Shrestha, Unnabh"]
[Result "1-0"]
[WhiteElo "1405"]
[BlackElo "1084"]
[PlyCount "157"]
[EventDate "2020.05.14"]
[WhiteTeam "Hull and Friends 2"]
[BlackTeam "East Kilbride Knights"]

1. e4 c6 2. d4 d5 3. e5 Bf5 4. h4 h6 5. g4 Bh7 6. Bd3 Bxd3 7. Qxd3 e6 8. f4 Ne7
9. Nf3 Nd7 10. Bd2 Qc7 11. Nc3 a6 12. O-O c5 13. dxc5 Nc6 14. Ne2 Bxc5+ 15. Be3
Bxe3+ 16. Qxe3 Qb6 17. Qxb6 Nxb6 18. Ned4 Nxd4 19. Nxd4 O-O 20. g5 Kh7 21. Kh2
Nc4 22. b3 Nb6 23. Rf2 Rac8 24. Rg1 Rg8 25. f5 exf5 26. Nxf5 Rce8 27. Nd6 Rxe5
28. Nxf7 Rf8 29. gxh6 Ree8 30. hxg7 Rg8 31. Nd6 Re7 32. Nf5 Rf7 33. h5 Nd7 34.
h6 Ne5 35. Kh3 Nc6 36. Rgf1 Ne7 37. Nxe7 Rxe7 38. Rf8 Rgxg7 39. hxg7 Kxg7 40.
R8f5 Re3+ 41. Kg4 Re6 42. Kf3 Rg6 43. Ke3 Rg3+ 44. R1f3 Rg2 45. Rf2 Rg3+ 46.
R5f3 Rg4 47. Rf4 Rg3+ 48. Kd4 Rg5 49. Rf5 Rg4+ 50. Kxd5 Rg6 51. Rf7+ Kh6 52.
Rxb7 Rg5+ 53. Kc4 Rg4+ 54. Kc3 Rg3+ 55. Kb2 Rg6 56. c4 Rc6 57. Rff7 Kg6 58. a4
a5 59. Ka3 Rc5 60. Kb2 Rc6 61. Kc3 Rc5 62. b4 axb4+ 63. Kxb4 Rc6 64. a5 Ra6 65.
Kb5 Ra8 66. a6 Rc8 67. a7 Ra8 68. Rfc7 Kf6 69. Rb8 Rxa7 70. Rxa7 Ke5 71. Kc5
Ke4 72. Rd8 Ke3 73. Re7+ Kf4 74. Rf8+ Kg5 75. Kd6 Kg6 76. Ke6 Kg5 77. Rg7+ Kh6
78. Rfg8 Kh5 79. Rh8# 1-0

[Event "Junior Online 4NCL Division 5"]
[Site "online"]
[Date "2020.05.14"]
[Round "5.13"]
[White "Tandon, Ashley"]
[Black "Wood, Philip A"]
[Result "1-0"]
[WhiteElo "905"]
[BlackElo "1427"]
[PlyCount "191"]
[EventDate "2020.05.14"]
[WhiteTeam "East Kilbride Knights"]
[BlackTeam "Hull and Friends 2"]

1. d4 d5 2. c4 e6 3. cxd5 exd5 4. Nc3 Nf6 5. Bg5 Be6 6. e3 h6 7. Bh4 Nc6 8. Bd3
Bb4 9. h3 Qe7 10. Nf3 O-O 11. O-O Rfe8 12. Rc1 Rad8 13. Bb1 Ba5 14. a3 a6 15.
Qd3 Bxc3 16. bxc3 g5 17. Bg3 Ne4 18. a4 f5 19. Ne5 Nxe5 20. Bxe5 Nf6 21. Ba2 c6
22. c4 Rc8 23. f3 Rf8 24. Bxf6 Rxf6 25. cxd5 cxd5 26. Rxc8+ Bxc8 27. Bxd5+ Be6
28. Bxb7 Qxb7 29. Rb1 Qc8 30. d5 Bf7 31. Qd4 Rd6 32. Qa7 Kg7 33. Rb7 Qe8 34.
Qd4+ Kg8 35. Qa7 Kg7 36. Qc5 Rxd5 37. Qxd5 Qxe3+ 38. Kf1 Qc1+ 39. Ke2 Qc2+ 40.
Qd2 Qc4+ 41. Kf2 Qc5+ 42. Kf1 Qc4+ 43. Kg1 Qc5+ 44. Kh1 Qc6 45. Qb2+ Kg8 46.
Rb8+ Kh7 47. Qh8+ Kg6 48. Rb1 Qf6 49. Qxf6+ Kxf6 50. Rb6+ Kg7 51. Rxa6 Bb3 52.
Ra7+ Kg6 53. a5 Bd5 54. a6 Kh5 55. Rd7 Ba8 56. a7 Bc6 57. Rd8 g4 58. hxg4+ fxg4
59. fxg4+ Kxg4 60. a8=Q Bxa8 61. Rxa8 h5 62. Ra4+ Kg5 63. Kh2 Kh6 64. Kh3 Kg5
65. Ra5+ Kg6 66. Kh4 Kh6 67. Rxh5+ Kg6 68. g4 Kg7 69. Rf5 Kg6 70. g5 Kxf5 71.
Kh5 Ke6 72. g6 Ke7 73. Kh6 Kf8 74. Kh7 Ke7 75. g7 Kf6 76. g8=Q Kf5 77. Qg7 Kf4
78. Qg6 Kf3 79. Qg5 Kf2 80. Qg4 Ke3 81. Qf5 Kd4 82. Qe6 Kc5 83. Qd7 Kc4 84. Qd6
Kc3 85. Qd5 Kc2 86. Qd4 Kc1 87. Qd3 Kb2 88. Qc4 Kb1 89. Qc3 Ka2 90. Qb4 Ka1 91.
Kg6 Ka2 92. Kf5 Ka1 93. Ke4 Ka2 94. Kd3 Ka1 95. Kc2 Ka2 96. Qb2# 1-0

[Event "Junior Online 4NCL Division 5"]
[Site "online"]
[Date "2020.05.14"]
[Round "5.14"]
[White "Pointon, Natasha"]
[Black "Nagar Nikunj"]
[Result "0-1"]
[WhiteElo "1165"]
[BlackElo "653"]
[PlyCount "126"]
[EventDate "2020.05.14"]
[WhiteTeam "Hull and Friends 2"]
[BlackTeam "East Kilbride Knights"]

1. e4 e5 2. Nf3 Nc6 3. Bc4 Bc5 4. Nc3 Nf6 5. d3 Ng4 6. O-O d6 7. Bg5 f6 8. Bd2
Qe7 9. h3 Nh6 10. Bxh6 gxh6 11. Nd2 Be6 12. Bxe6 Qxe6 13. Qh5+ Qf7 14. Qxh6 Qg6
15. Qxg6+ hxg6 16. Nf3 O-O-O 17. Rad1 Nd4 18. Nxd4 Bxd4 19. Nb5 Bc5 20. Nc3
Rdf8 21. a3 a6 22. b4 Bd4 23. Nd5 Kd7 24. Rfe1 c6 25. Ne3 Bb2 26. Ra1 Bxa1 27.
Rxa1 f5 28. exf5 gxf5 29. c3 f4 30. Nc2 f3 31. gxf3 Rxf3 32. Rd1 Rfxh3 33. Kf1
Rh1+ 34. Ke2 Rxd1 35. Kxd1 Rh3 36. Ne1 d5 37. Kc2 Rh2 38. Kb3 Rxf2 39. c4 dxc4+
40. dxc4 e4 41. Nc2 Rf3+ 42. Kb2 e3 43. Kb3 e2+ 44. Kb2 Rf2 45. Kb3 Rf1 46. c5
e1=Q 47. Nxe1 Rxe1 48. a4 Rb1+ 49. Kc4 Rc1+ 50. Kb3 Kc7 51. a5 Rb1+ 52. Ka4 Kd7
53. Ka3 Ke6 54. Ka4 Kd5 55. b5 Rxb5 56. Ka3 Kxc5 57. Ka4 b6 58. axb6 Kxb6 59.
Ka3 Kc5 60. Ka4 Kc4 61. Ka3 c5 62. Ka4 Kc3 63. Ka3 Ra5# 0-1